003690000a2200085000450024501190000004100140011970000210013310000230015477301060017710aPrimeros registros de Closterium () en lagos de la orilla colombiana del río Amazonas0 aEspañol1 aDonato, John Ch.1 aDuque, Santiago R.1 tRevista de la Academia Colombiana de Ciencias Exactas, Fisicas y Naturales332h73q259-264d1994g19